000 00227nam a2200097Ia 4500
008 190216s9999||||xx |||||||||||||| ||und||
100 _aMaklin R D
245 0 _aSaidanthika Shashthram
260 _bKerala Basha Inst
942 _cBK
999 _c37643
_d37643